| 000 | 00975nam a22002537a 4500 | ||
|---|---|---|---|
| 999 |
_c16780 _d16780 |
||
| 003 | AR-CdUCM | ||
| 008 | 190506b ||||| |||| 00| 0 spa d | ||
| 040 |
_aMUNICIPALIDAD PROVINCIAL DEL CUSCO _cBIBLIOTECA MUNICIPAL DEL CUSCO |
||
| 082 |
_a574 / _bB84 |
||
| 100 |
_aBrodrick, A Hougthon _936436 |
||
| 245 | _aEl hombre prehistórico / | ||
| 260 |
_aMéxico : _bFondo de cultura económica, _c1955. |
||
| 300 |
_a422 paginas ; _c18 cm |
||
| 440 |
_aBrevarios del fondo de cultura económica _n107 _936437 |
||
| 500 | _aTitulo original : Early man, a survey of human origins | ||
| 505 | _aContenido : Introducción -- Se funda la ciencia de la prehistoria -- Monte circeo -- Un cráneo neandertaloide -- Australia e indonesia... | ||
| 650 |
_aEl hombre _916004 |
||
| 650 |
_aPrehistorico _936438 |
||
| 650 |
_aAustralia _925242 |
||
| 650 |
_aAsia oriental _91266 |
||
| 700 |
_aChita de la Calle (Traducción) _936439 |
||
| 942 |
_2ddc _cLIBROS |
||
| 945 |
_awnts _d2019-05-6 |
||